000 00459ntaaa2200181 4500
003 01
005 20251027202156.0
008 0714s1973 ag 01
040 _aAR-BaBN
_bspa
_cAR-BaBN
_eaacr
_dRIC
082 _a267.0000 Ed3
100 _aEdge, Findley B
245 _aDoes God want you as a minister of education?
250 _a1 ed.
260 _aNashville :
_bBroadman Press,
_cc1951
300 _a42 p
650 _aiglesia-obra de
_94307
942 _cBK
999 _c16727
_d16727